000
00290 a2200121 4500
001
46037
082
_a
358.4095491 FRI
090
_c
29170
_d
29170
100
_a
Fricker J
245
_a
Battle for Pakistan; Air War of 1965
260
_a
London
_b
Ian Allan
_c
1965
300
_a
192 p.
942
_a
NUST-CAE
_k
358.4095491 FRI
999
_c
281110
_d
281110